| 000 | 01571nam0a2200337 4500 | ||
|---|---|---|---|
| 001 | RU\NLR\BIBL_A\022715391 | ||
| 005 | 20260409153240.0 | ||
| 010 |
_a978-5-903630-99-8 _9500 |
||
| 021 |
_aRU _bКН-П-25-076322 _9КН-П-25-7394 |
||
| 035 | _a(NLR Aleph) 022715391 | ||
| 090 |
_a13653600 _c13653600 |
||
| 100 | _a20260202a2025 u y0rusy50 ca | ||
| 101 | 0 | _arus | |
| 102 | _aRU | ||
| 105 | _aa j 000yy | ||
| 181 | 0 |
_ai _baxxe |
|
| 182 | 0 | _an | |
| 200 | 1 |
_aОбразовательные стратегии в социализации подростков _eучебно-методическое пособие _fЕ. А. Самаркина |
|
| 203 |
_aТекст _bвизуальный _cнепосредственный |
||
| 210 |
_aУльяновск _cЗебра _d2025 |
||
| 215 |
_a94 с. _cил., табл. _d21 |
||
| 320 | _aБиблиогр.: с. 85–89 (50 назв.) | ||
| 606 | 1 |
_aШкольники _xСоциальное воспитание _jУчебно-методические пособия для высших учебных заведений _2nlr_sh1 _2nlr_sh2 _3RU\NLR\AUTH\661241978 |
|
| 606 | 1 |
_aПодростки _xСоциализация _jУчебно-методические пособия для высших учебных заведений _2nlr_sh1 _2nlr_sh2 _3RU\NLR\AUTH\66875386 |
|
| 686 | 1 | _aЧ421.352я73 | |
| 686 | 1 | _aС550.325.2я73 | |
| 700 | 1 |
_aСамаркина _bЕ. А. _gЕкатерина Алексеевна |
|
| 942 | _cBOOK | ||
| 980 | _aNB | ||